Историческiй вестникъ. Т. 16 (163): Россия и Украина XVII-XX вв. (Запись № 11760232)
[ простой вид ]
| 000 -МАРКЕР | |
|---|---|
| контрольное поле | 01159nam2a2200277 4500 |
| 001 - ИДЕНТИФИКАТОР ЗАПИСИ | |
| контрольное поле | RU\NLR\PER_A\010252240_000060 |
| 005 - ИДЕНТИФИКАТОР ВЕРСИИ | |
| контрольное поле | 20250626070936.0 |
| 035 ## - ДРУГИЕ СИСТЕМНЫЕ НОМЕРА | |
| Идентификатор записи | (NLR Aleph) 011452477 |
| 100 ## - ДАННЫЕ ОБЩЕЙ ОБРАБОТКИ | |
| Данные общей обработки | 20170809d2016 |||y0rusy50 ca |
| 101 0# - ЯЗЫК РЕСУРСА | |
| Язык текста, звукозаписи и т.д. | русский |
| 102 ## - СТРАНА ПУБЛИКАЦИИ ИЛИ ПРОИЗВОДСТВА | |
| Страна публикации | Российская Федерация |
| 200 1# - ЗАГЛАВИЕ И СВЕДЕНИЯ ОБ ОТВЕТСТВЕННОСТИ | |
| Основное заглавие | Россия и Украина XVII-XX вв. |
| 210 ## - ПУБЛИКАЦИЯ, РАСПРОСТРАНЕНИЕ И ДР. | |
| Дата издания, распространения и т.д. | 2016 |
| Место издания, распространения и т.д. | Б. м. |
| 461 #0 - УРОВЕНЬ НАБОРА | |
| Встроенное поле | 001RU\NLR\Per\1013612 |
| -- | 2001#$aИсторическiй вестникъ$vТ. 16 (163) |
| Системный номер (АБИС) связанной записи | 10428585 |
| Место публикации | Москва |
| Дата публикации | 2012 - |
| Имя издателя, распространителя и т.д. | [б. и.] |
| Заглавие | Историческiй вестникъ |
| ISSN | 2306-4978 |
| Номер тома | Т. 16 (163) |
| 607 ## - ГЕОГРАФИЧЕСКОЕ НАИМЕНОВАНИЕ КАК ПРЕДМЕТ | |
| Географическое наименование | Россия |
| Формальный подзаголовок | Сборники |
| Тематический подзаголовок | Взаимоотношения |
| Географический подзаголовок | Украина |
| Системный номер авторитетной/нормативной записи | 2216785 |
| Идентификатор авторитетной/нормативной записи | RU\NLR\AUTH\661331354 |
| 607 ## - ГЕОГРАФИЧЕСКОЕ НАИМЕНОВАНИЕ КАК ПРЕДМЕТ | |
| Географическое наименование | Украина |
| Формальный подзаголовок | Сборники |
| Тематический подзаголовок | Взаимоотношения |
| Географический подзаголовок | Россия |
| Системный номер авторитетной/нормативной записи | 2216787 |
| Идентификатор авторитетной/нормативной записи | RU\NLR\AUTH\661331355 |
| 607 ## - ГЕОГРАФИЧЕСКОЕ НАИМЕНОВАНИЕ КАК ПРЕДМЕТ | |
| Географическое наименование | Украина |
| Формальный подзаголовок | Сборники |
| Тематический подзаголовок | История |
| Хронологический подзаголовок | 17 - 20 вв. |
| Системный номер авторитетной/нормативной записи | 2335007 |
| Идентификатор авторитетной/нормативной записи | RU\NLR\AUTH\6601619994 |
| 686 1# - ИНДЕКСЫ ДРУГИХ КЛАССИФИКАЦИЙ | |
| Индекс | Т3(2)0-64(2Ук)я43 |
| 686 1# - ИНДЕКСЫ ДРУГИХ КЛАССИФИКАЦИЙ | |
| Индекс | Т3(2Ук)0-64(2)я43 |
| 686 1# - ИНДЕКСЫ ДРУГИХ КЛАССИФИКАЦИЙ | |
| Индекс | Т3(2Ук)я43 |
| 852 ## - МЕСТОНАХОЖДЕНИЕ И ШИФР ХРАНЕНИЯ | |
| Идентификатор организации | NLR |
| Шифр хранения (Call Number) | П23/8761 |
| 942 ## - ДОПОЛНИТЕЛЬНЫЕ ЭЛЕМЕНТЫ ЗАПИСИ (АБИС) | |
| Тип экземпляра АБИС | Выпуск |
| 980 ## - КОЛЛЕКЦИЯ | |
| Название коллекции | Национальная библиография |
| 980 ## - КОЛЛЕКЦИЯ | |
| Название коллекции | Русская периодика |
Нет доступных экземпляров.